000 00730nam a2200265Ia 4500
003 OSt
005 20220918215735.0
006 a|||||r|||| 00| 0
007 ta
008 220917b |||||||| |||| 00| 0 eng d
024 _a142,396
037 _cTextual
040 _aARTS
_cARTS
_beng
041 _2eng
_aeng
082 _aY12:411, 1992
100 _aParikh J C
_9135008
245 0 _aDrug addition
_b A psycho-social study of youth
260 _aDelhi
_bFriends Publications
_c1992
300 _aviii 278p.
_ccm.
500 _aIncludes Index
650 _aSOCIOLOGY
700 _a Krishna K S
_9135009
942 _hY12:411, 1992
_cTEXL
_2CC
999 _c265354
_d265354